|
|
|
|
| LEADER |
00000nam0a2200000 4500 |
| 001 |
95379 |
| 005 |
20231031110126.0 |
| 035 |
|
|
|a (RuTPU)RU\TPU\book\102134
|
| 090 |
|
|
|a 95379
|
| 100 |
|
|
|a 20060425d1969 km y0rusy50 ca
|
| 101 |
0 |
|
|a rus
|
| 102 |
|
|
|a RU
|
| 105 |
|
|
|a a z 001zy
|
| 200 |
1 |
|
|a Пневматические приспособления. Проектирование и эксплуатация
|f К. А. Дзюбандовский
|
| 210 |
|
|
|a Ленинград
|c Машиностроение
|d 1969
|
| 215 |
|
|
|a 143 с.
|c ил.
|
| 320 |
|
|
|a Библиогр.: с. 143.
|
| 610 |
1 |
|
|a металлорежущие станки
|
| 610 |
1 |
|
|a пневматические устройства
|
| 610 |
1 |
|
|a приспособления
|
| 610 |
1 |
|
|a машиностроительные заводы
|
| 610 |
1 |
|
|a эксплуатация
|
| 610 |
1 |
|
|a оснастка
|
| 610 |
1 |
|
|a обработка
|
| 610 |
1 |
|
|a детали
|
| 610 |
1 |
|
|a зажимные устройства
|
| 610 |
1 |
|
|a схемы монтажа
|
| 610 |
1 |
|
|a воздухораспределители
|
| 675 |
|
|
|a 621.91.01-2.0012
|v 3
|
| 700 |
|
1 |
|a Дзюбандовский
|b К. А.
|g Кирилл Александрович
|
| 801 |
|
1 |
|a RU
|b 63413507
|c 20060425
|g PSBO
|
| 801 |
|
2 |
|a RU
|b 63413507
|c 20221019
|g PSBO
|
| 942 |
|
|
|c BK
|